2021 Saudi Arabian Grand Prix Quiz - Statistics

General Stats
  • This quiz has been taken 19 times
  • The average score is 10 of 15
Answer Stats
Question Answer % Correct
On which lap of the race did Valtteri Bottas pass Esteban Ocon for third? 50
100%
What was the reason for the second red flag of the race? An incident during the restart involving multiple cars
100%
Which unlikely driver made it into Q3? Antonio Giovinazzi
100%
Which two drivers made contact with Sebastian Vettel during the race? Kimi Räikkönen and Yuki Tsunoda
100%
And which driver crashed at that same turn during the race, causing the first safety car and subsequent red flag? Mick Schumacher
100%
What was the points gap between the two championship leaders after the race? They became tied
100%
Who was seen throwing his headset after an incident during the race? Toto Wolff
100%
During the race, what did Lewis Hamilton claim Max Verstappen did to cause their controversial rear-end collision? Verstappen brake-tested him
100%
Finally, how many virtual safety cars were there during the race? 4
50%
What did Fernando Alonso call for a safety car over? Debris on the track
50%
Which two offenses were Hamilton and his team investigated for during free practice 3? Not heeding yellow flags and impeding Nikita Mazepin
50%
At which turn did Charles Leclerc crash in free practice 2? 22
0%
How many cars retired from the race? 5
0%
According to Max Verstappen, why did he crash in Q3? He locked up and tried to rescue the lap
0%
Which driver finished sixth, giving some sense of order to the chaos? Pierre Gasly
0%
No matching quizzes found
Score Distribution
Percent of People with Each Score
Percentile by Number Answered
Your Score History
You have not taken this quiz